Places with Special status in the United Nations - Statistics

General Stats
  • This quiz has been taken 477 times
  • The average score is 5 of 11
Answer Stats
Hint Answer % Correct
Observer State Palestinian Territories
90%
Other States South Ossetia
72%
Other States Abkhazia
70%
Other States Sahrawi Arab Democratic Republic
52%
Other States Somaliland
52%
Other States Transnistria
52%
Other States Artsakh
37%
Other States Northern Cyprus
34%
Other States Niue
26%
Other States Cook Islands
25%
Observer State Order of Malta
16%
No matching quizzes found
Score Distribution
Percent of People with Each Score
Percentile by Number Answered
Your Score History
You have not taken this quiz